مكتبة جامعة عجلون الوطنية

فهرس بحث المكتبة

Normal view MARC view
  • تقديم وتعريب وتحرير البادي، عوض

Entry Personal Name

Number of records used in: 1

001 - CONTROL NUMBER

  • control field: 16279

003 - CONTROL NUMBER IDENTIFIER

  • control field: JO-AjAnu

005 - DATE AND TIME OF LATEST TRANSACTION

  • control field: 20230606072909.0

008 - FIXED-LENGTH DATA ELEMENTS

  • fixed length control field: 230606|| aca||aabn | a|a d

040 ## - CATALOGING SOURCE

  • Original cataloging agency: JO-AjAnu
  • Transcribing agency: JO-AjAnu

100 ## - HEADING--PERSONAL NAME

  • Personal name: تقديم وتعريب وتحرير البادي، عوض

670 ## - SOURCE DATA FOUND

  • Source citation: Work cat.: (JO-AjAnu)8356: تقديم وتعريب وتحرير البادي، عوض, author, الأوضاع السياسة في وسط الجزيرة العربية عند نهاية القرن التاسع عشر( حائل، القصيم، الرياض): نص رحلة البارون ادوارد نولده مبعوث روسيا الى نجد عام 1893م/1310هجري